000 00515nam a2200181 i 4500
001 52031
003 ES-MaACL
005 20230906162508.0
007 t|
008 030822s1904 it ||||1| ita d
100 1 _aChironi, Gian Pietro.
_938558
245 1 0 _aTrattato di diritto civile italiano /
_cG.P. Chironi e L. Abello.
260 _aTorino :
_bFratelli Bocca,
_c1904 (
_fV. Bona)
300 _aXII, 739 p. ;
_c24 cm.
500 _aEs el V. I.
700 1 _aAbello, L.
_918077
852 _aES-MaACL
_jB-13104
999 _c52031
_d52031